000 01007nam0a22002411 4500
001 rc\1102445
005 20260406170232.0
035 _a(NLR Aleph) 006347621
090 _a4767285
_c4767285
100 _a20041126d1983 |||y0rusy50 ca
101 0 _arus
102 _aRU
105 _ay |||||||||
200 1 _aОптимизация трудовой деятельности производственного коллектива
_eСоциал.-психол. аспект
_f[Б.С. Марьенко, К.Р. Копыстянская, С.А. Цапок и др.
_gОтв. ред. Б.С. Марьенко]
210 _aКиев
_cНаукова думка
_d1983
215 _a126 с.
_d20
701 1 _aМарьенко
_bБ.С.
_gБорис Сергеевич
712 0 2 _aИнститут экономики
_cКиев
_bЛьвовское отделение
_3RU\NLR\AUTH\889937513
_9369857
801 0 _aRU
_bNLR
_gpsbo
801 1 _aRU
_bELAR
_2rusmarc
852 _aNLR
_j83-3/9136
942 _cBOOK
980 _aNB